000 01043nam a2200253 a 4500
005 20160112060449.0
008 140304b2000 ck do fr|||| 00| 0 spa d
040 _aCO-BoIAVH
_cCO-BoIAVH
041 0 _aspa
044 _ack
090 _aFG
_b022
100 1 _aVargas Avila, Guillermo
_eInvestigador
245 1 _aClasificación y caracterización morfoagronómica del germoplasma de cinco especies frutales amazónicas
_cGobernación del Guaviare, Ministerio del Medio Ambiente, SINCHI,Plan Nacional de Desarrollo Alternativo PLANTE
250 _aPrimera Edición
260 _aSan José del Guaviare :
_bProdumedios :
_bSINCHI :
_bPLANTE ,
_c2000.
300 _a28 páginas :
_bCuadros, fotografías ;
_c21 x 16 cm
650 0 6 _aGermoplasma
_xFrutas
650 0 6 _aMorfología
_xFrutas
_xArboles frutales
650 0 6 _aArazá
_xMorfología
650 0 6 _aChontaduro
_xMorfología
650 0 6 _aInchi
_xMorfología
700 _aArgüelles Cárdenas, Jorge
_eInvestigador
942 _cLIBRO
_2ddc
999 _c2243
_d2243